000 02603cam a22003491ia4500
003 SA-RiAUC
005 20241223051924.0
008 241222s1982 le g b 00000cara c
040 _aSA-RiAUC
_bara
_cSA-RiAUC
_erda
041 1 _aara
_beng
050 4 _bS252 1982
082 0 4 _a920.02
_qSA-RiAUC
090 _a920.02
_bا ب ن ر
100 1 _aابن رافع السلامي، محمد بن رافع بن هجرس،
_d704-774 هجري
_eمؤلف.
245 1 2 _aالوفيات /
_cتأليف ابن رافع السلامي ؛ حققه وعلق عليه صالح مهدي عباس ؛ أشرف عليه وراجعه بشار عواد معروف.
250 _aالطبعة الأولى.
264 1 _aبيروت :
_bمؤسسة الرسالة للطباعة والنشر والتوزيع،
_c1982
300 _a2 مجلد ؛
_c24 سم
336 _aنص
_btxt
_2rdacontent
_3كتاب
337 _aبدون وسيط
_bn
_2rdamedia
338 _aمجلد
_bnc
_2rdacarrier
504 _aببليوجرافية : صفحة 407-429.
546 _aيشتمل على ملخص باللغة الإنجليزية.
650 7 _aالوفيات
_vتراجم
_2aucsh
650 7 _aتراجم
_2aucsh
700 1 _aعباس، صالح مهدي
_eمحقق.
700 1 _aمعروف، بشار عواد،
_d1940-
_eمشرف.
856 _uhttp://www.alwaraq.net/Core/AlwaraqSrv/bookpage?book=281&option=1&fkey=2&page=1
_yDigital Copy
_2 نرجو الانتباه لإمكانية وجود اختلاف في الطبعة أو الناشر بين البيانات على البوابة وما ستجده على الكتاب نظرا لمحدودية المعلومات المتاحة على الموقع الناشر للمادة.
_3Please note that there may be a difference in the edition or publisher between the data on the portal and the book due to the limited information available on the publisher website for the material.
856 _uhttp://www.alwaraq.net/Core/waraq/coverpage?bookid=281&option=1
_yExternal Link
_2 نرجو الانتباه لإمكانية وجود اختلاف في الطبعة أو الناشر بين البيانات على البوابة وما ستجده على الكتاب نظرا لمحدودية المعلومات المتاحة على الموقع الناشر للمادة.
_3Please note that there may be a difference in the edition or publisher between the data on the portal and the book due to the limited information available on the publisher website for the material.
942 _2ddc
_cBOOK
_n0
949 _aSA-JeALM
_d241222
_umohamedma123
_n1
999 _c3785
_d3785